• 首页
  • 本馆介绍
  • 公告通知
  • 最新文献
  • 馆藏检索
  • 电子资源
  • 读者导购
  • 参考咨询
  • 我的图书馆
  • 登录
  • 详细信息显示
  • 放入我的书架
  • 预约/预借图书
  • 作者相关作品
  • 分类相关作品
  • 丛书相关作品
  • 出版社相关作品

书目信息

  • 表格格式
  • 工作单格式
  • 卡片格式
题名:
中国地震历史资料汇编
    
 
作者: 谢毓寿 主编
分册: 第五卷  
出版信息: 北京   科学出版社  1983.11
页数: 782页
开本: 26cm
丛书名:
单 册:
中图分类: P316.2 , P315-67
科图分类:
主题词: 地震--中国--史料 , 岩石--物理学 , 固体地球物理学
电子资源:
ISBN:
000 00784nam0 2200277 45
001 0187009834
005 20040521154557.3
010    @b精装@dCNY8.50
091    @aCN@b13031.3509
100    @a19900808d1983 kemy0chiy0121 ea
101 0  @achi
102    @aCN@b110000
105    @af z 000yy
106    @ar
200 10 @a中国地震历史资料汇编@Azhong guo di zhen li shi zi liao hui bian@h第五卷@f谢毓寿主编@FXie Yu Shou Zhu Bian
210    @a北京@c科学出版社@d1983.11
215    @a782页@c图@d26cm
606    @a地震@y中国@x史料
606 0  @a岩石@x物理学
606 0  @a固体地球物理学
690    @aP316.2@v3
690    @aP315-67
701  0 @a谢毓寿@Axie yu shou@4主编
801  0 @aCN@b深圳图书馆@c20040521
801  2 @aCN@bNLC@c20040521
905    @f1@b254158@dP315-67@e35:5
    
    中国地震历史资料汇编.第五卷/谢毓寿主编.-北京:科学出版社,1983.11
    782页:图;26cm
    
    
    ISBN (精装):CNY8.50
    
●
相关链接 在E读中查询图书 在五车中查询图书 在当当中查询图书 在豆瓣中查询图书


正题名:中国地震历史资料汇编     索取号:P315-67/35:5         预约/预借

序号 登录号 条形码 馆藏地/架位号 状态 备注
1 0118127   000556570   第二样本阅览室/ [索取号:P315-67/35:5] 在馆    
2 0254157   000626576   密集书库/ [索取号:P315-67/35:5] 在馆    
3 0254158   000626585   第三借阅区/ [索取号:P315-67/35:5] 在馆    
唐山师范学院图书馆 欢迎您!
大连网信软件有限公司© 版权所有